Statistics for Article of Clothing in the Lyrics #2

Click here to take the quiz!

General Stats

  • This quiz has been taken 29 times
  • The average score is 7 of 15

Answer Stats

LyricsTitle% Correct
Now don't you, step on my blue suede _____Shoes
95%
Never start no static I just get it off my chest / Never had to battle with no bulletproof ____Vest
90%
It was an itsy, bitsy, teenie, weenie, yellow polka-dot ______ / That she wore for the first time todayBikini
85%
I'm doing all right, getting good grades / The future's so bright, I gotta wear ______Shades
75%
With you in that _____ / My thoughts I confess / Verge on dirty / Oh, come on EileenDress
70%
I'm gonna kick my feet up / Then stare at the fan / Turn the TV on, throw my hand in my _____Pants
65%
You look so perfect standing there / In my American Apparel _________Underwear
60%
She had a west coast strut that was sweet as molasses / But what really knocked me out was her cheap __________Sunglasses
55%
Big black _____ / Long brown hair / She's so sweet / With her get back stareBoots
30%
You'd see 'em wearing their baggies / Huarachi _______ too / A bushy bushy blonde hairdo / Surfin' USASandals
30%
Still looking for that ____ ____ baby queen / Prettiest girl I've ever seenBlue Jean
25%
Today was a fairytale / I wore a dress / You wore a dark gray _ _____T-Shirt
25%
He say I'm bad, he probably right / He pressin' me like ______ _____ on a Friday nightButton-Downs
0%
Coppin' it, washin' it, 'bout to go and get some compliments / Passin' up on those _________ someone else's been walkin' inMoccasins
0%
I got my ____ ______, and my flippie-floppies / I'm flippin' burgers, you at Kinko's straight flippin' copiesSwim Trunks
0%

Score Distribution

Percentile by Number Answered

Percent of People with Each Score

Your Score History

You have not taken this quiz